00420nam a2200181Ia 4500003000900000008004100009040001300050040001300063041000800076100002100084245006200105250000900167260002400176260000900200300001100209300001200220490000600232IT-RoPAU120407s9999 xx 000 0 und d aIT-RoPAU cIT-RoPAU aita aGiovanni Perrone aCatechismo intorno al Protestantesimo . Ad uso del popolo aRoma aCiviltà Cattolica c1854 a239 p. c14,5 cm v1